| 000 | 00517nam a22001817a 4500 | ||
|---|---|---|---|
| 003 | MPLRDC | ||
| 005 | 20220104203318.0 | ||
| 008 | 210129b ||||| |||| 00| 0 eng d | ||
| 082 | _a528.972 PDM | ||
| 100 | _a庞大明 | ||
| 245 |
_a杨氏太极拳阐秘 _c |
||
| 250 | _a初版一刷 | ||
| 260 |
_a中国 _b人民体育出版社 _c2007 |
||
| 300 | _b平 | ||
| 520 | _a新书上架 2018-08-01。 2018-04-18 破损--pg.101-102下方。 | ||
| 650 | _a太极拳;少林拳;八卦拳 | ||
| 942 |
_cBK _o528.972 PDM |
||
| 999 |
_c68065 _d68055 |
||